Catálogo
 En Linea

Journey toward the sunlight : (Registro nro. 30149)

Detalles MARC
000 -CABECERA
campo de control de longitud fija 00497nam a2200145 a 4500
001 - NÚMERO DE CONTROL
campo de control 000030657
005 - FECHA Y HORA DE LA ÚLTIMA TRANSACCIÓN
campo de control 20200930062432.0
008 - DATOS DE LONGITUD FIJA--INFORMACIÓN GENERAL
campo de control de longitud fija 110525q1947 nw abc 000 | spa d
040 ## - FUENTE DE LA CATALOGACIÓN
Centro catalogador/agencia de origen DO-SdBNP
Lengua de catalogación spa
Centro/agencia transcriptor BNPHU
082 ## - NÚMERO DE LA CLASIFICACIÓN DECIMAL DEWEY
Número de clasificación xxx
Número de documento/Ítem W177j
100 1# - ENTRADA PRINCIPAL--NOMBRE DE PERSONA
Nombre de persona Walker, Stanley
9 (RLIN) 57245
245 10 - MENCIÓN DE TÍTULO
Título Journey toward the sunlight :
Resto del título a story of the Dominican Republic and its people /
Mención de responsabilidad, etc. Stanley Walker.
260 ## - PUBLICACIÓN, DISTRIBUCIÓN, ETC.
Lugar de publicación, distribución, etc. New York :
Nombre del editor, distribuidor, etc. Caribbean Library,
Fecha de publicación, distribución, etc. [1947].
300 ## - DESCRIPCIÓN FÍSICA
Extensión v, 226, [32] p. :
Otras características físicas il., mapas, retrs. ;
Dimensiones 21 cm.
Existencias
Estado de retiro Estado de pérdida Restricciones de uso No para préstamo Código de colección Localización permanente Ubicación/localización actual Ubicación en estantería Fecha de adquisición Número de inventario Total de préstamos Signatura topográfica completa Código de barras Fecha visto por última vez Precio válido a partir de Tipo de ítem Koha Nota pública Número de copia
      Excluido de préstamo Monografías: Libros y Folletos General General Depósito 25.05.2011 LF1   xxx W177j 30657-10 25.06.2020 25.06.2020 No se presta Perteneció a la biblioteca personal de Julio Ortega Frier.  
      Excluido de préstamo Monografías: Libros y Folletos General General En catalogación 25.05.2011 LF1   xxx W177j 30657-20 25.06.2020 25.06.2020 No se presta   e. 2
        Monografías: Libros y Folletos General General En catalogación 28.02.2012 LF1   xxx W177j 30657-30 25.06.2020 25.06.2020 Préstamo en sala   e. 3

Con tecnología Koha